|
|
|
|
| LEADER |
01578cam a2200373 7i4500 |
| 001 |
0000070353 |
| 005 |
20240919090000.0 |
| 005 |
##20220809160200.0 |
| 003 |
##MY-KlINT |
| 008 |
220808t20212021nyua g 001 0 eng d |
| 020 |
# |
# |
|a 9781260474121
|
| 039 |
# |
9 |
|a 202208091602
|b Amir
|c 202208091559
|d Amir
|y 202208081506
|z Amir
|
| 040 |
# |
# |
|a ELMU
|
| 082 |
0 |
0 |
|a 658.45
|
| 090 |
0 |
0 |
|a 658.45
|b BEC
|
| 100 |
1 |
# |
|a Becker, Ethan F
|e author
|
| 245 |
1 |
0 |
|a MASTERING COMMUNICATION AT WORK :
|b HOW TO LEAD, MANAGE, AND INFLUENCE /
|c DR. ETHAN F. BECKER & JON WORTMANN.
|
| 250 |
# |
# |
|a Second Edition.
|
| 264 |
# |
0 |
|c ♭2021
|
| 264 |
# |
0 |
|a New York,NY
|b McGraw-Hill
|c [2021]
|
| 300 |
# |
# |
|a xii, 243 pages:
|b illustrations;
|c 24cm.
|
| 336 |
# |
# |
|a text
|2 rdacontent
|
| 337 |
# |
# |
|a unmediated
|2 rdamedia
|
| 338 |
# |
# |
|a volume
|2 rdacarrier
|
| 500 |
# |
# |
|a Revised edition of the authors' Mastering communication at work, c2009
|
| 504 |
# |
# |
|a Includes bibliographical references and index
|
| 520 |
# |
# |
|a Learn to navigate today's changing workplace with the second edition of the classic playbook of communication strategies Today's rapidly shifting professional environment has made effective communication even more vital. Master communicators, in the vir
|
| 650 |
# |
0 |
|a Business Communication
|
| 650 |
# |
0 |
|a Communication in management
|
| 997 |
# |
# |
|a SRWK
|
| 998 |
# |
# |
|a 7000001649
|
| 999 |
|
|
|a 5000001471
|b BOOK
|c Main Non-Fiction
|e INTAN Kampus Wilayah Utara
|
| 999 |
|
|
|a 5000001472
|b BOOK
|c Main Non-Fiction
|e INTAN Kampus Wilayah Utara
|
| 999 |
|
|
|a 7000001649
|b BOOK
|c Main Non-Fiction
|e INTAN Sarawak
|